000 00717nam a2200217Ia 4500
005 20241129104248.0
008 241129s9999||||xx |||||||||||||| ||und||
020 _a9789394262874
037 _aTextual
040 _aRTL
_beng
_cRTL
041 _aeng
_2eng
084 _aY72:47(W:5).2 R3
_qRTL
100 _aDe Debasree
_9725485
245 0 _aHuman rights tribal movements and violence: Tribal tenacity in the Twenty-First Century in Central Eastern India
_cDe Debasree
260 _aNew Delhi
_bManohar
_c2023
300 _a201p.
365 _aINR
_bRs. 1250.00
650 _aHuman Rights- Tribal Movements- Jharkhand
_9725486
942 _cTB
_hY72:47(W:5).2 R3
999 _c1225116
_d1225116